College Quizbowl Stats
College Quizbowl Stats
Circuits
Seasons
Sets
Records
Detailed Stats
About
Loading...
2023 Penn Bowl (UK)
Tossups
Bonuses
Players
Teams
Categories (Tossup)
Categories (Bonus)
Kai Madgwick
Foucault's Penndulum
Categories
Category
Powers
Gets
Negs
BBs
Points
Earliest Buzz
Avg. Buzz
First Buzzes
Top 3 Buzzes
BPA
PVF
Literature - British
1
0
0
0
15
49
49.00
0
1
17.73
28.79
Other Academic
0
1
0
0
10
106
106.00
0
1
4.94
13.89
Religion
0
1
0
1
10
123
123.00
0
0
0.00
0.00
Social Science
0
1
0
0
10
72
72.00
0
1
-0.07
3.79
Buzzes
Category
Answer
Value
Buzz Position
Literature - British
Catherine Earnshaw
15
49
Social Science
inflation rate
10
72
Other Academic
bagels
10
106
Religion
Khadijah
10
123
Previous
1
Next